10 Największych miast w województwie opolskim bez powiatu - Statystyki

Ogólne statystyki
  • Ten quiz został rozwiązany 10 razy
  • Średni wynik to 7 z 10
Statystyki odpowiedzi
liczba ludności miasto % Poprawnych
6421 Gogolin
90%
12 621 Głuchołazy
80%
7902 Grodków
70%
6607 Paczków
70%
10 157 Zdzieszowice
70%
5853 Niemodlin
60%
6179 Otmuchów
60%
7962 Ozimek
60%
7110 Praszka
60%
6358 Zawadzkie
50%
Nie znaleziono quizów pasujących do podanych kryteriów
Rozkład punktacji
Procent ludzi z każdym wynikiem
Percentyl według liczby udzielonych odpowiedzi
Twoja historia wyników
Nie rozwiązałeś tego quizu